000 00289nam a22001217a 4500
008 230620b xxu||||| |||| 00| 0 eng d
082 _a320.9
_bLEC
100 _cCollin Legun
245 _aMust we Lose Africa?
260 _aLondon
_bW.H Allen & Co
_c1955
300 _a264p
942 _2ddc
_cBK
999 _c1606
_d1606